000 00760cam a2200265 4500
001 M94498
008 090401t1998 xxu||||| |||| 00| 0 eng d
035 _a(Sirsi) u89115
041 _aeng
050 _a333.3320973
100 _aBrown, Pamela J.
245 2 _aA methodology for valuing town conservation land.
260 _aCambridge, MA
_bLincoln Institute of Land Policy
_c1998
300 _a15p. ; 28cm.
350 _a0
490 _aLincoln Institute of Land Policy Working Paper
650 _aCONSERVATION AREAS
650 _aCONSERVATION VALUE
650 _aValuation
_96273
690 _aRATING AND VALUATION
700 _aFausold, Charles J.
710 _aLincoln Institute of Land Policy
_93681
942 _n0
948 _c20/10/1998
999 _c97427
_d97427